00305nam a22000977a 4500003000400000082001600004100003800020245008800058260005300146300000800199SGT a301.2bB92H aहेबालकर, शरद  a भारतीय संस्कृति का विश्वसंचार  b सुरुचि प्रकाशन c1992 a135